000 00442nam a22001697a 4500
005 20250812150844.0
008 250812b |||||||| |||| 00| 0 eng d
020 _a9789353459154
041 _aEng
082 _a658.1 FIN
100 _a Finshots
245 _aThe Little Book Of Indian Business
260 _aNew Delhi
_bJuggernaut Books
_c2024
300 _a274;. p. 17 cm
650 _aIndia-Commerce; Business Management
942 _cBK
999 _c46465
_d46465